| 000 | 00554nam a22001457a 4500 | ||
|---|---|---|---|
| 020 | _a978-81-8477-008-7 | ||
| 082 |
_a500 _bBEN/P |
||
| 100 | _aDONNA BENNETT | ||
| 245 | _aPROBLEM SOLVING IN SCIENCE | ||
| 260 |
_aDELHI _bSCHOLASTIC INDIA |
||
| 300 | _a71 | ||
| 520 | _aNEWTONS 1 & 2 LAWS OF MOTION, BERNOULLI'S PRINCIPLE, ELECTRICAL CIRCUIT, THE KINETIC THEORY OF MATTER, ARCHIMEDES PRINCIPLE AND FORCES, BOYLES LAW, ENERGY AND MOMENTUM CONSERVATION, SEPERATING MIXTURES BY THEIR DIFFERENCES ETC | ||
| 650 |
_aSCIENCE PROBLEM SOLVING _zINDIA |
||
| 942 | _cBK | ||
| 999 |
_c924 _d924 |
||